000 00696nam a2200193 i 4500
001 91529
003 ES-MaACL
005 20230906180738.0
007 t|
008 050131s1946 sp ||||1| spa d
100 1 _aLewis, Thomas.
_972072
245 1 0 _aEnfermedades del corazón /
_cexpuestas para uso por Thomas Lewis ; traducida de la segunda edición inglesa por Jesús Bartolomé Iraeta y Juan Guijosa Pernús.
250 _a3ª ed. corr. y aum. de la 4ª ed. inglesa.
260 _aMadrid :
_bEspasa-Calpe,
_c1946.
300 _a336 p. :
_bil. ;
_c25 cm.
700 1 _aIraeta, Jesús Bartolomé.
_965405
700 1 _aGuijosa Pernús, Juan.
_960682
852 _aES-MaACL
_jE-784
_bR.22321
999 _c91529
_d91529